Вып. 32; Детали машин

Dettagli Bibliografici
Parent link:Детали машин: республиканский межведомственный научно-технический сборник/ Одесский политехнический институт ; отв. ред. К. И. Заблонского. Вып. 32.— , 1965-1990
Lingua:russo
Pubblicazione: 1981
Soggetti:
Natura: Libro
KOHA link:https://koha.lib.tpu.ru/cgi-bin/koha/opac-detail.pl?biblionumber=329470

MARC

LEADER 00000nam2a2200000 4500
001 329470
005 20231102004150.0
035 |a (RuTPU)RU\TPU\book\355230 
035 |a RU\TPU\book\355229 
090 |a 329470 
100 |a 20170314d1981 k y0rusy5003 ca 
101 0 |a rus 
102 |a UA 
105 |a a z 001zy 
200 0 |a Вып. 32 
210 |d 1981 
215 |a 94, 5 с.  |c ил. 
320 |a Библиогр. в конце ст. 
461 1 |0 (RuTPU)RU\TPU\book\160085  |t Детали машин  |o республиканский межведомственный научно-технический сборник  |f Одесский политехнический институт ; отв. ред. К. И. Заблонского  |v Вып. 32  |d 1965-1990 
606 1 |a Детали машин  |2 stltpush  |3 (RuTPU)RU\TPU\subj\9144  |9 36422 
610 1 |a прочность 
610 1 |a зацепления 
610 1 |a механические передачи 
610 1 |a надежность 
610 1 |a долговечность 
610 1 |a трение 
610 1 |a износ 
610 1 |a опоры 
610 1 |a деформативность 
610 1 |a червячные колеса 
610 1 |a зубья 
610 1 |a жесткость 
610 1 |a глобоидные передачи 
675 |a 621.81  |v 4 
801 0 |a RU  |b 63413507  |c 19950704  |g psbo 
801 1 |a RU  |b 63413507  |c 20081022  |g PSBO 
801 2 |a RU  |b 63413507  |c 20170426  |g PSBO 
942 |c BK